Highest Muslim % countries - Statistics

General Stats
  • This quiz has been taken 47 times
  • The average score is 14 of 20
Answer Stats
Percentage Amount Answer % Correct
96.5% 240.76 million Pakistan
93%
94.7% 90 million Egypt
90%
99.4% 88.5 million Iran
90%
92.2% 31.54 million Saudi Arabia
90%
98% 39.65 million Iraq
88%
98.1% 84.4 million Turkey
88%
99.7% 37.03 million Afghanistan
83%
99% 43.74 million Algeria
83%
85.8% 236 million Indonesia
83%
99% 36.37 million Morocco
83%
99.1% 26.78 million Yemen
83%
61.3% 20.06 million Malaysia
73%
98.3% 21.1 million Niger
73%
94.5% 38.59 million Sudan
70%
91.3% 150.8 million Bangladesh
68%
48.5% 97 million Nigeria
63%
31.3% 34.7 million Ethiopia
50%
87.9% 29.9 million Uzbekistan
50%
35.8% 19.43 million Tanzania
38%
42.9% 11.27 million Ivory Coast
15%
No matching quizzes found
Score Distribution
Percent of People with Each Score
Percentile by Number Answered
Your Score History
You have not taken this quiz